000 00852nam a2200205Ia 4500
999 _c40366
_d40366
001 6974
003 GE_BSU
005 20190628151755.0
008 181216s1961||||ge |||||||||||||| ||geo||
041 _ageo
080 _a621.7/9 ჯ-20
100 _aჯანელიძე, ი.
_91187
245 _aლითონთა ტექნოლოგია .(ცივად დამუშავება) : სახელმძღვ. /
_cი. ჯანელიძე ; რედ : ე. გიორგაძე.
264 _aთბილისი :
_bსპი,
_c1961.
300 _a200 გვ .:
_bილ ;
_c27 სმ.
504 _aბიბლიოგრ.:გვ.197
653 _aლითონთა ტექნოლოგია
700 _aგიორგაძე, ე
_eრედაქტორი
_9398
942 _cBK
_2udc